Which players did Steven Smith dismiss against England [Ashes] - Statistics

General Stats
  • This quiz has been taken 28 times
  • The average score is 4 of 5
Answer Stats
No of times dismissed Role Player % Correct
1 Wicketkeeper Batter Jonny Bairstow
100%
1 Opening Batter Alastair Cook
77%
1 Bowler Jack Leach
65%
1 Wicketkeeper Batter Matt Prior
65%
3 Top order Batter Ian Bell
42%
No matching quizzes found
Score Distribution
Percent of People with Each Score
Percentile by Number Answered
Your Score History
You have not taken this quiz